| 000 | 00000nam##2200000za#4500 |
| 001 | 9.685795 |
| 003 | CaOODSP |
| 005 | 20210624230239 |
| 007 | cr ||||||||||| |
| 008 | 150407|2000||||xxc|||||o f|0| 0 eng|d |
| 020 | |a0-662-29177-8 |
| 040 | |aCaOODSP|beng |
| 043 | |an-cn--- |
| 086 | 1 |aSF31-47/1-2000E-IN |
| 110 | 1 |aCanada. |bOffice of the Commissioner of Official Languages. |
| 245 | 10|aOfficial languages in the Canadian sports system. Volume 1 |h[electronic resource] |
| 260 | |aOttawa - Ontario : |bOffice of the Commissioner of Official Languages |cc2000. |
| 300 | |a54p. |
| 500 | |aThe catalogue number (SF31-47/2000) and ISBN (0-662-64992-3) of the bilingual print edition have been incorrectly copied in this electronic edition. |
| 590 | |a12-16-Supp|b2012-04-17 |
| 775 | 08|tLes langues officielles dans le système sportif canadien. Volume n° 1 |w(CaOODSP)9.630381 |
| 776 | 0#|tOfficial languages in the Canadian sport system : |w(CaOODSP)9.661879 |
| 776 | 0#|tLes langues officielles dans le système sportif canadien : |w(CaOODSP)9.661880 |
| 856 | 40|ahttp://publications.gc.ca|qPDF|s560 KB|uhttps://publications.gc.ca/collections/Collection/SF31-47-2000E.pdf |